000 00387nam a2200157Ia 4500
008 230711s9999||||xx |||||||||||||| ||und||
041 _aENG
082 _a720
_bMA-D
100 _aMartha,Stewart
245 0 _aDecorating with colors: the best of martha stewart
250 _a1st Ed.
260 _c2002
_aLondon
_bMartha Stewart
300 _a144
650 _aArchitecture
942 _cBK
999 _c4950
_d4950